[Event "Ivanovo Region-ch"]
[Site "Ivanovo"]
[Date "2011.12.10"]
[Round "2"]
[White "Kleiman, Boris Moiseevich"]
[Black "Belyaev, Mikhail Sergeevich"]
[Result "1/2-1/2"]
[WhiteElo "2279"]
[BlackElo "2077"]
[PlyCount "25"]
[EventDate "2011.12.09"]
[EventType "swiss"]
[EventRounds "9"]
[EventCountry "RUS"]
[SourceTitle "CBM 146 Extra"]
[Source "ChessBase"]
[SourceDate "2012.02.29"]
[SourceVersion "1"]
[SourceVersionDate "2012.02.29"]
[SourceQuality "1"]

1. Nf3 d6 2. d4 Bg4 3. e4 Nf6 4. Nc3 e6 5. Be2 Be7 6. Be3 d5 7. exd5 Nxd5 8. Nxd5 exd5 9. Ne5 Bxe2 10. Qxe2 c6 11. 0-0 Nd7 12. Rad1 0-0 13. Nxd7 1/2-1/2

[Event "RUS-ch Seniors"]
[Site "Odintsovo"]
[Date "2011.04.27"]
[Round "9"]
[White "Kleiman, Boris Moiseevich"]
[Black "Khavsky, Sergey V"]
[Result "1/2-1/2"]
[WhiteElo "2292"]
[BlackElo "2318"]
[PlyCount "89"]
[EventDate "2011.04.19"]
[EventType "swiss"]
[EventRounds "9"]
[EventCountry "RUS"]
[SourceTitle "CBM 142 Extra"]
[Source "ChessBase"]
[SourceDate "2011.06.27"]
[SourceVersion "1"]
[SourceVersionDate "2011.06.27"]
[SourceQuality "1"]

1. e4 e5 2. Nf3 Nc6 3. Nc3 Nf6 4. Bb5 Bb4 5. 0-0 0-0 6. d3 d6 7. h3 Ne7 8. Ne2 Ng6 9. Ng3 Bd7 10. Bxd7 Qxd7 11. c3 Ba5 12. Bg5 Ne8 13. d4 h6 14. Be3 exd4 15. Nxd4 Bb6 16. Qd2 Bxd4 17. cxd4 d5 18. e5 f5 19. f4 c6 20. Kh2 Nc7 21. Ne2 Ne7 22. Ng1 Ne6 23. Ne2 b6 24. Rac1 Rac8 25. Rfd1 Kh8 26. b3 Rg8 27. Ng3 Qe8 28. Rf1 c5 29. Qd3 Rf8 30. Ne2 Qd7 31. Rc2 Nc6 32. Qd2 cxd4 33. Bxd4 Ncxd4 34. Rxc8 Rxc8 35. Nxd4 Nxd4 36. Qxd4 Rc2 37. Rd1 Rxa2 38. Qxd5 Qxd5 39. Rxd5 Kg8 40. Rd8+ Kf7 41. Rd7+ Kf8 42. Rb7 Rb2 43. Rxa7 Rxb3 44. Rb7 h5 45. e6 1/2-1/2

[Event "RUS-ch Seniors"]
[Site "Odintsovo"]
[Date "2011.04.20"]
[Round "2"]
[White "Kleiman, Boris Moiseevich"]
[Black "Tseshkovsky, Vitaly"]
[Result "1/2-1/2"]
[WhiteElo "2292"]
[BlackElo "2493"]
[PlyCount "74"]
[EventDate "2011.04.19"]
[EventType "swiss"]
[EventRounds "9"]
[EventCountry "RUS"]
[SourceTitle "CBM 142 Extra"]
[Source "ChessBase"]
[SourceDate "2011.06.27"]
[SourceVersion "1"]
[SourceVersionDate "2011.06.27"]
[SourceQuality "1"]

1. e4 d6 2. d4 Nf6 3. Nc3 g6 4. Be3 c6 5. h3 Bg7 6. Qd2 Nbd7 7. Nf3 e5 8. Bh6 0-0 9. Bxg7 Kxg7 10. dxe5 dxe5 11. Bd3 Qe7 12. Ne2 Nc5 13. Ng3 Re8 14. 0-0 a5 15. Rfe1 Nfd7 16. a3 Ne6 17. Rad1 Qf6 18. Qe3 h6 19. Bf1 Ng5 20. Nxg5 hxg5 21. Be2 Qf4 22. Bg4 Nf6 23. Bxc8 Raxc8 24. Nf1 Qxe3 25. Nxe3 b5 26. Ng4 Nxg4 27. hxg4 Red8 28. f3 c5 29. Kf2 b4 30. Ke2 Rd4 31. a4 b3 32. c3 Rxa4 33. Ra1 Rxa1 34. Rxa1 Ra8 35. Ra4 c4 36. Rxc4 a4 37. Rb4 Kf6 1/2-1/2

[Event "Ivanovo Region-ch"]
[Site "Ivanovo"]
[Date "2010.12.11"]
[Round "2.5"]
[White "Kleiman, Boris Moiseevich"]
[Black "Mamoshin, Valery"]
[Result "1/2-1/2"]
[WhiteElo "2305"]
[BlackElo "2183"]
[PlyCount "58"]
[EventDate "2010.12.10"]
[EventType "tourn"]
[EventRounds "9"]
[EventCountry "RUS"]
[SourceTitle "EXT 2022"]
[Source "ChessBase"]
[SourceDate "2021.10.06"]
[SourceVersion "1"]
[SourceVersionDate "2021.10.06"]
[SourceQuality "1"]

1. e4 d6 2. d4 g6 3. h3 Bg7 4. Nf3 Nf6 5. Nc3 0-0 6. Be3 c6 7. a4 Qc7 8. Qd2 e5 9. dxe5 dxe5 10. Rd1 Nbd7 11. Bc4 a6 12. 0-0 b5 13. Bd3 b4 14. Ne2 c5 15. c4 Bb7 16. Ng3 Rad8 17. b3 Rfe8 18. Qc1 Nf8 19. Bc2 Ne6 20. Rxd8 Rxd8 21. Rd1 Nd4 22. Nxd4 exd4 23. Bf4 Qc6 24. f3 Nd7 25. Nh1 Ne5 26. Nf2 f6 27. Nd3 Nf7 28. Qd2 Re8 29. Re1 Ne5 1/2-1/2

[Event "Ivanovo Region-ch"]
[Site "Ivanovo"]
[Date "2009.12.11"]
[Round "8"]
[White "Kleiman, Boris Moiseevich"]
[Black "Labyshkin, Aleksey"]
[Result "1-0"]
[WhiteElo "2301"]
[BlackElo "2117"]
[PlyCount "153"]
[EventDate "2009.12.04"]
[EventType "tourn"]
[EventRounds "9"]
[EventCountry "RUS"]
[SourceTitle "EXT 2012"]
[Source "ChessBase"]
[SourceDate "2011.11.24"]
[SourceVersion "1"]
[SourceVersionDate "2011.11.24"]
[SourceQuality "1"]

1. e4 e5 2. Nf3 Nc6 3. Bb5 a6 4. Ba4 Nf6 5. 0-0 Nxe4 6. d4 b5 7. Bb3 Be7 8. dxe5 0-0 9. Bd5 Nc5 10. Nc3 Bb7 11. Bf4 Kh8 12. a4 b4 13. Ne4 Nxe4 14. Bxe4 f5 15. Bd5 Qe8 16. Qd2 Nd8 17. Bxb7 Nxb7 18. Rad1 Rd8 19. Qd4 Qg6 20. Qc4 Qb6 21. Bg5 Bxg5 22. Nxg5 Qg6 23. Nf3 c5 24. Rd5 h6 25. Rfd1 Qe6 26. Qd3 Rf7 27. b3 Kg8 28. Nd2 Re7 29. Nc4 Kf8 30. h3 Ke8 31. Qf3 Rc8 32. R5d3 Qc6 33. Qxf5 Qe6 34. Qf3 Qc6 35. Qh5+ Kf8 36. Qf5+ Kg8 37. Rxd7 Rf8 38. Qd3 Rxd7 39. Qxd7 Nd8 40. Qg4 h5 41. Qxh5 Qe4 42. Rd2 Ne6 43. Qe2 Qf4 44. Qg4 Qh6 45. Rd6 Qc1+ 46. Qd1 Qxd1+ 47. Rxd1 Nd4 48. Rd2 Kf7 49. f3 Ke6 50. Kf2 Kd5 51. Ke3 g5 52. Kd3 Nf5 53. Rd1 Re8 54. c3 bxc3 55. Kxc3+ Nd4 56. Re1 Ke6 57. Nd2 Nc6 58. Re4 Nd4 59. Kc4 Rf8 60. Kxc5 Nf5 61. Nc4 Rc8+ 62. Kb4 Rb8+ 63. Kc3 Ne7 64. Ne3 Nc6 65. b4 Rb7 66. Ng4 Rd7 67. b5 axb5 68. axb5 Ne7 69. Ne3 Rb7 70. Kb4 Nc6+ 71. Kc5 Na7 72. b6 Nc8 73. Nd5 Rd7 74. Nc7+ Ke7 75. e6 Rd8 76. Nd5+ Ke8 77. e7 1-0

[Event "Ivanovo Region-ch"]
[Site "Ivanovo"]
[Date "2009.12.09"]
[Round "6"]
[White "Kleiman, Boris Moiseevich"]
[Black "Mamoshin, Valery"]
[Result "1/2-1/2"]
[WhiteElo "2301"]
[BlackElo "2185"]
[PlyCount "55"]
[EventDate "2009.12.04"]
[EventType "tourn"]
[EventRounds "9"]
[EventCountry "RUS"]
[SourceTitle "EXT 2012"]
[Source "ChessBase"]
[SourceDate "2011.11.24"]
[SourceVersion "1"]
[SourceVersionDate "2011.11.24"]
[SourceQuality "1"]

1. Nf3 Nf6 2. c4 c5 3. Nc3 Nc6 4. g3 d6 5. d4 cxd4 6. Nxd4 Qb6 7. Nc2 Ng4 8. e3 g6 9. Nd5 Qd8 10. Bd2 Bg7 11. Bc3 Bxc3+ 12. Nxc3 Nge5 13. Be2 Be6 14. b3 h5 15. f4 Ng4 16. h3 Nf6 17. Bf3 Qd7 18. Bg2 Rb8 19. Qd2 a6 20. Nd5 b5 21. Nxf6+ exf6 22. cxb5 Rxb5 23. Rc1 Ke7 24. Na3 Rc5 25. Kf2 Rc8 26. Rxc5 dxc5 27. Qxd7+ Kxd7 28. Rd1+ 1/2-1/2

[Event "Ivanovo Region-ch"]
[Site "Ivanovo"]
[Date "2009.12.05"]
[Round "2"]
[White "Kleiman, Boris Moiseevich"]
[Black "Vasilyev, Yuriy"]
[Result "1-0"]
[WhiteElo "2301"]
[BlackElo "2262"]
[PlyCount "85"]
[EventDate "2009.12.04"]
[EventType "tourn"]
[EventRounds "9"]
[EventCountry "RUS"]
[SourceTitle "EXT 2012"]
[Source "ChessBase"]
[SourceDate "2011.11.24"]
[SourceVersion "1"]
[SourceVersionDate "2011.11.24"]
[SourceQuality "1"]

1. e4 c5 2. Nf3 d6 3. d4 cxd4 4. Nxd4 Nf6 5. Nc3 g6 6. Be3 Bg7 7. f3 Nc6 8. Qd2 Bd7 9. 0-0-0 Rc8 10. g4 Qa5 11. Kb1 Ne5 12. h3 Nc4 13. Bxc4 Rxc4 14. h4 h5 15. Nb3 Qa6 16. g5 Nh7 17. Nd5 Nf8 18. Qa5 Qxa5 19. Nxa5 Ra4 20. Nb3 Ne6 21. c3 b6 22. Nd2 b5 23. Nb3 Bc6 24. Nb4 Bb7 25. Nd4 Nxd4 26. Bxd4 Bxd4 27. Rxd4 Kd7 28. b3 Ra5 29. Re1 Ke6 30. f4 Rd8 31. Kb2 f6 32. e5 fxe5 33. fxe5 d5 34. Nd3 b4 35. cxb4 Rb5 36. a4 Rb6 37. Rf1 Ba8 38. Kc3 Rc6+ 39. Nc5+ Kxe5 40. Re1+ Kf5 41. Rxe7 a5 42. Kd2 axb4 43. Nd3 1-0

[Event "RUS-ch Seniors"]
[Site "Lesnoj Gorodok"]
[Date "2009.10.09"]
[Round "7"]
[White "Zaitsev, Igor A"]
[Black "Kleiman, Boris Moiseevich"]
[Result "1/2-1/2"]
[WhiteElo "2421"]
[BlackElo "2297"]
[PlyCount "63"]
[EventDate "2009.10.03"]
[EventType "swiss"]
[EventRounds "9"]
[EventCountry "RUS"]
[SourceTitle "CBM 132 Extra"]
[Source "ChessBase"]
[SourceDate "2009.11.03"]
[SourceVersion "1"]
[SourceVersionDate "2009.11.03"]
[SourceQuality "1"]

1. e4 c5 2. Nf3 Nc6 3. Bb5 g6 4. 0-0 Bg7 5. c3 Nf6 6. e5 Nd5 7. d4 cxd4 8. cxd4 0-0 9. Nc3 Nxc3 10. bxc3 d6 11. exd6 Qxd6 12. Re1 Bd7 13. a4 Rfe8 14. Ba3 Qc7 15. d5 Na5 16. Bxe7 Bxb5 17. d6 Qd7 18. axb5 Bxc3 19. Ne5 Rxe7 20. dxe7 Qxe7 21. Re3 Rd8 22. Nd7 Qb4 23. Rd3 Bxa1 24. Qxa1 Qe7 25. Nf6+ Qxf6 26. Qxf6 Rxd3 27. h4 h5 28. Qe7 Rd5 29. Qb4 b6 30. Qe7 Kg7 31. Qxa7 Rxb5 32. Qd7 1/2-1/2

[Event "RUS-ch Seniors"]
[Site "Lesnoj Gorodok"]
[Date "2009.10.07"]
[Round "5"]
[White "Balashov, Yuri S"]
[Black "Kleiman, Boris Moiseevich"]
[Result "1-0"]
[WhiteElo "2383"]
[BlackElo "2297"]
[PlyCount "77"]
[EventDate "2009.10.03"]
[EventType "swiss"]
[EventRounds "9"]
[EventCountry "RUS"]
[SourceTitle "CBM 132 Extra"]
[Source "ChessBase"]
[SourceDate "2009.11.03"]
[SourceVersion "1"]
[SourceVersionDate "2009.11.03"]
[SourceQuality "1"]

1. d4 Nf6 2. c4 d6 3. Nf3 g6 4. Nc3 Bg7 5. e4 0-0 6. Be2 e5 7. 0-0 Nbd7 8. Re1 c6 9. Bf1 Re8 10. d5 cxd5 11. cxd5 a6 12. a4 h6 13. Nd2 Nh7 14. Nc4 Nb6 15. Nxb6 Qxb6 16. a5 Qd8 17. Bd2 b5 18. axb6 Qxb6 19. Qa4 Nf6 20. Be3 Qd8 21. Qa5 Qe7 22. f3 Bb7 23. Na4 Nd7 24. Rac1 Rec8 25. b4 Qf8 26. Rc7 Rxc7 27. Qxc7 Bc8 28. b5 axb5 29. Bxb5 Nf6 30. Nb6 Ra5 31. Nd7 Bxd7 32. Qxa5 Bxb5 33. Qxb5 Nh5 34. Qb7 Qd8 35. Ra1 Qh4 36. Qc8+ Kh7 37. g3 Qf6 38. Ra8 g5 39. Kf2 1-0

[Event "Moscow op-B"]
[Site "Moscow"]
[Date "2009.02.08"]
[Round "9"]
[White "Kleiman, Boris Moiseevich"]
[Black "Vetryansky, Vladimir"]
[Result "1/2-1/2"]
[WhiteElo "2295"]
[BlackElo "2114"]
[PlyCount "105"]
[EventDate "2009.01.31"]
[EventType "swiss"]
[EventRounds "9"]
[EventCountry "RUS"]
[SourceTitle "EXT 2012"]
[Source "ChessBase"]
[SourceDate "2011.11.24"]
[SourceVersion "1"]
[SourceVersionDate "2011.11.24"]
[SourceQuality "1"]

1. d4 d5 2. Nf3 c6 3. e3 Bf5 4. c4 e6 5. Nc3 Nf6 6. Nh4 Bg6 7. Qb3 Qc7 8. Bd2 Nbd7 9. Rc1 Rc8 10. Be2 Be7 11. g3 Nb6 12. c5 Nbd7 13. Nxg6 hxg6 14. f4 Ne4 15. Nxe4 dxe4 16. Qc2 f5 17. Bc4 Nf8 18. 0-0 g5 19. b4 a6 20. a4 gxf4 21. exf4 Qd7 22. Be3 Nh7 23. Qb3 Kf7 24. g4 g6 25. g5 Nxg5 26. fxg5 Rh3 27. Rc3 Rch8 28. Rf2 R8h4 29. Bf4 Rg4+ 30. Kf1 Rxc3 31. Qxc3 Bxg5 32. Bxg5 Rxg5 33. Qe3 Rg4 34. Rg2 Rxg2 35. Kxg2 Qd8 36. h3 g5 37. h4 gxh4 38. Qh6 Qxd4 39. Qxe6+ Kg7 40. Qe7+ Kg6 41. Bf7+ Kh7 42. Be8+ Qg7+ 43. Qxg7+ Kxg7 44. Bd7 f4 45. Bf5 Kf6 46. Bxe4 Ke5 47. Bd3 Kd4 48. Bf1 a5 49. bxa5 Kxc5 50. a6 bxa6 51. Bxa6 Kb4 52. Kh3 Kxa4 53. Kxh4 1/2-1/2

[Event "Moscow op-B"]
[Site "Moscow"]
[Date "2009.02.04"]
[Round "5"]
[White "Bukhteeva, Viktoria"]
[Black "Kleiman, Boris Moiseevich"]
[Result "0-1"]
[WhiteElo "2154"]
[BlackElo "2295"]
[PlyCount "114"]
[EventDate "2009.01.31"]
[EventType "swiss"]
[EventRounds "9"]
[EventCountry "RUS"]
[SourceTitle "EXT 2012"]
[Source "ChessBase"]
[SourceDate "2011.11.24"]
[SourceVersion "1"]
[SourceVersionDate "2011.11.24"]
[SourceQuality "1"]

1. e4 c5 2. Nf3 Nc6 3. Bb5 d6 4. d4 cxd4 5. Qxd4 Bd7 6. Bxc6 Bxc6 7. Nc3 Nf6 8. Bg5 e6 9. 0-0-0 Be7 10. Rhe1 Qa5 11. Qd2 0-0 12. Kb1 Kh8 13. Nd4 Rac8 14. f4 Rfd8 15. Qe2 a6 16. e5 dxe5 17. fxe5 Nd5 18. Nxd5 Bxd5 19. Bxe7 Qxa2+ 20. Kc1 Qa1+ 21. Kd2 Qxb2 22. Ke3 Rd7 23. Bd6 Qc3+ 24. Kf2 Qa5 25. Kg1 Rc4 26. Qd2 Qd8 27. Re3 Qg5 28. Rg3 Qxd2 29. Rxd2 Kg8 30. Nf5 exf5 31. Rxd5 Rxc2 32. Rb3 h6 33. Rc5 Rxc5 34. Bxc5 Rd5 35. Bd6 b5 36. Ra3 f6 37. Re3 fxe5 38. Bxe5 b4 39. Bc7 Kf7 40. Kf2 Rb5 41. Re5 Rb7 42. Ba5 b3 43. Re1 g5 44. Bc3 Rc7 45. Bb2 f4 46. Re4 a5 47. Ke1 Kg6 48. Re6+ Kf5 49. Re2 a4 50. Kd1 Rc4 51. Rd2 g4 52. Rd5+ Ke4 53. Re5+ Kd3 54. Rd5+ Ke3 55. Re5+ Kf2 56. Re2+ Kg1 57. h3 f3 0-1

[Event "Dimitrovgrad-ch"]
[Site "Dimitrovgrad"]
[Date "2009.??.??"]
[Round "6"]
[White "Kleiman, Boris Moiseevich"]
[Black "Zabotin, Alexander"]
[Result "1-0"]
[WhiteElo "2295"]
[BlackElo "2510"]
[PlyCount "67"]
[EventDate "2009.08.??"]
[EventType "swiss"]
[EventRounds "9"]
[EventCountry "RUS"]
[SourceTitle "EXT 2012"]
[Source "ChessBase"]
[SourceDate "2011.11.24"]
[SourceVersion "1"]
[SourceVersionDate "2011.11.24"]
[SourceQuality "1"]

1. e4 c5 2. Nf3 d6 3. d4 cxd4 4. Nxd4 Nf6 5. Nc3 Nc6 6. f3 e5 7. Nb3 Be7 8. Be3 0-0 9. Qd2 a5 10. Bb5 Be6 11. Qf2 d5 12. exd5 Nxd5 13. Rd1 Bb4 14. 0-0 Bxc3 15. bxc3 Qc7 16. Rd3 Nxe3 17. Qxe3 Na7 18. c4 Rfc8 19. Rfd1 Nxb5 20. cxb5 Qxc2 21. Nxa5 h6 22. Nxb7 Qxa2 23. Nd6 Rc2 24. R3d2 Rxd2 25. Rxd2 Qa1+ 26. Kf2 Ra3 27. Rd1 Qb2+ 28. Qd2 Qb3 29. Qe2 Qc3 30. Ne4 Qb4 31. Qc2 f5 32. Qc6 Qb3 33. Qe8+ Kh7 34. Ng5+ 1-0

[Event "RUS-ch Seniors"]
[Site "Odintsovo"]
[Date "2008.10.04"]
[Round "3"]
[White "Martynov, Vladimir"]
[Black "Kleiman, Boris Moiseevich"]
[Result "1-0"]
[WhiteElo "2134"]
[BlackElo "2301"]
[PlyCount "119"]
[EventDate "2008.10.02"]
[EventType "swiss"]
[EventRounds "9"]
[EventCountry "RUS"]
[SourceTitle "CBM 127 Extra"]
[Source "ChessBase"]
[SourceDate "2009.01.08"]
[SourceVersion "2"]
[SourceVersionDate "2009.01.28"]
[SourceQuality "1"]

1. e4 c5 2. Nf3 Nc6 3. d4 cxd4 4. Nxd4 Nf6 5. Nc3 e6 6. g3 a6 7. Nxc6 bxc6 8. e5 Nd5 9. Ne4 Qc7 10. f4 Qb6 11. Qe2 a5 12. a3 f5 13. exf6 Nxf6 14. Nxf6+ gxf6 15. f5 e5 16. c4 h5 17. Bg2 Bc5 18. Bf3 Kd8 19. Bxh5 Ba6 20. Bd2 Bd4 21. Rc1 d5 22. Bf7 Ke7 23. Be6 Bxc4 24. Rxc4 dxc4 25. Qxc4 Qb5 26. Qc2 Kd6 27. b3 Qc5 28. Qxc5+ Bxc5 29. a4 Ra7 30. Kf1 Re8 31. Bc4 Bd4 32. Ke2 Kc5 33. Rc1 Kb6 34. Rd1 Rg7 35. Be1 Bc5 36. Be6 Rge7 37. Kf3 Rxe6 38. fxe6 f5 39. g4 fxg4+ 40. Kxg4 Rxe6 41. Kf5 Rh6 42. Bg3 Bd4 43. h4 Kc5 44. Ke4 Rh7 45. Rd3 Kb4 46. Be1+ Ka3 47. Rh3 Bb6 48. h5 Bd8 49. Bd2 c5 50. h6 Bf6 51. Kf5 Bh8 52. Bxa5 Rb7 53. Bd2 e4 54. Kxe4 Kb2 55. Bg5 Rf7 56. Rf3 Rd7 57. Rf8 Bc3 58. Rb8 Bb4 59. Bf6+ Kxb3 60. Bg7 1-0

[Event "RUS-ch Seniors"]
[Site "Odintsovo"]
[Date "2008.10.02"]
[Round "1"]
[White "Gorshkov, Anatoly"]
[Black "Kleiman, Boris Moiseevich"]
[Result "1-0"]
[WhiteElo "2117"]
[BlackElo "2301"]
[PlyCount "115"]
[EventDate "2008.10.02"]
[EventType "swiss"]
[EventRounds "9"]
[EventCountry "RUS"]
[SourceTitle "CBM 127 Extra"]
[Source "ChessBase"]
[SourceDate "2009.01.08"]
[SourceVersion "2"]
[SourceVersionDate "2009.01.28"]
[SourceQuality "1"]

1. d4 Nf6 2. Nf3 g6 3. c4 Bg7 4. Nc3 0-0 5. e4 d6 6. h3 Nbd7 7. Be3 e5 8. dxe5 dxe5 9. Qd2 Re8 10. Rd1 c6 11. Be2 Qe7 12. Qd6 Qxd6 13. Rxd6 Bf8 14. Rd1 Bb4 15. Nd2 Nc5 16. f3 Ne6 17. a3 Bxc3 18. bxc3 Nf4 19. Bf1 Nd7 20. g3 Ne6 21. Nb3 b6 22. Rh2 c5 23. h4 h5 24. Rhd2 Ndf8 25. Rd5 Bb7 26. Rxe5 Rad8 27. Red5 Bxd5 28. cxd5 Nc7 29. c4 Nd7 30. Bf4 Ne5 31. Be2 f6 32. Kf2 Kg7 33. Nc1 Na6 34. Bxe5 fxe5 35. Nd3 Nc7 36. Ke3 Rd7 37. f4 exf4+ 38. gxf4 Nxd5+ 39. cxd5 Rxd5 40. Rg1 Rd4 41. Ne5 Ra4 42. Rxg6+ Kh7 43. Rg5 Rxa3+ 44. Kf2 Rd8 45. Rxh5+ Kg7 46. Rg5+ Kh7 47. Nc4 Rc3 48. Ne3 Rd2 49. e5 Rd4 50. Ng2 a5 51. f5 a4 52. f6 a3 53. f7 Rd8 54. e6 Rf8 55. Bg4 a2 56. Bf5+ Kh6 57. e7 Rxf7 58. e8Q 1-0

[Event "Pardubice Czech op"]
[Site "Pardubice"]
[Date "2007.07.25"]
[Round "6"]
[White "Kleiman, Boris Moiseevich"]
[Black "Cvek, Robert"]
[Result "0-1"]
[WhiteElo "2337"]
[BlackElo "2548"]
[PlyCount "100"]
[EventDate "2007.07.20"]
[EventType "swiss"]
[EventRounds "9"]
[EventCountry "CZE"]
[SourceTitle "CBM 119 Extra"]
[Source "ChessBase"]
[SourceDate "2007.09.04"]
[SourceVersion "1"]
[SourceVersionDate "2007.09.04"]
[SourceQuality "1"]

1. d4 Nf6 2. Nf3 e6 3. c4 b6 4. Nc3 Bb7 5. a3 d5 6. Bg5 Be7 7. e3 0-0 8. Qc2 Nbd7 9. cxd5 exd5 10. Bd3 c5 11. 0-0 g6 12. Rad1 a6 13. h3 Re8 14. Rfe1 c4 15. Bf1 Ne4 16. Bxe7 Qxe7 17. Nd2 Nxc3 18. Qxc3 b5 19. g3 f5 20. Bg2 a5 21. Ra1 b4 22. Qc2 Nf6 23. Nf3 b3 24. Qc1 Rec8 25. Nd2 Ne4 26. Nb1 h5 27. Nc3 Kh7 28. Re2 Qg5 29. Qe1 h4 30. Kh2 Kg7 31. Rc1 Rh8 32. Nxe4 fxe4 33. f4 hxg3+ 34. Qxg3 Qf5 35. Rg1 Bc8 36. Rh1 Bd7 37. Kg1 Rac8 38. Qe1 c3 39. bxc3 a4 40. Qd2 Qf6 41. Re1 Qh4 42. Rc1 Bb5 43. Kh2 Bd7 44. Kg1 Rc4 45. Rh2 Qg3 46. Qf2 Qxf2+ 47. Kxf2 Rhc8 48. Rhh1 Rxc3 49. Rb1 Rc2+ 50. Kg3 R8c3 0-1

[Event "EU Maccabi Games 12th"]
[Site "Rome"]
[Date "2007.07.07"]
[Round "3"]
[White "Davidov, Samir"]
[Black "Kleiman, Boris Moiseevich"]
[Result "1-0"]
[WhiteElo "2326"]
[BlackElo "2337"]
[PlyCount "75"]
[EventDate "2007.07.05"]
[EventType "swiss"]
[EventRounds "7"]
[EventCountry "ITA"]
[SourceTitle "CBM 119 Extra"]
[Source "ChessBase"]
[SourceDate "2007.09.04"]
[SourceVersion "1"]
[SourceVersionDate "2007.09.04"]
[SourceQuality "1"]

1. e4 c5 2. f4 e6 3. Nc3 Nc6 4. d3 d5 5. Nf3 dxe4 6. Nxe4 Nge7 7. c3 Nf5 8. Be2 Be7 9. 0-0 b6 10. Ne5 Bb7 11. Bf3 Qc7 12. Qa4 Rc8 13. Ng3 Nxg3 14. hxg3 a5 15. b4 axb4 16. cxb4 0-0 17. Bxc6 Bxc6 18. b5 Ra8 19. Qb3 Bd5 20. Qc2 Bf6 21. Bb2 Bxa2 22. g4 Bd5 23. g5 Be7 24. Ng4 Rxa1 25. Bxa1 Ra8 26. Qc3 Bf8 27. Bb2 Ra7 28. Nf6+ Kh8 29. Ne8 Qe7 30. Nxg7 f6 31. Nh5 Qf7 32. Nxf6 Bg7 33. Qe5 Ra8 34. Qd6 Qb7 35. f5 exf5 36. Re1 Bxg2 37. Ne8 Qf7 38. Nxg7 1-0

[Event "Pardubice op-A"]
[Site "Pardubice"]
[Date "2006.07.28"]
[Round "8"]
[White "Petr, Jan"]
[Black "Kleiman, Boris Moiseevich"]
[Result "0-1"]
[WhiteElo "2239"]
[BlackElo "2322"]
[PlyCount "76"]
[EventDate "2006.07.21"]
[EventType "swiss"]
[EventRounds "9"]
[EventCountry "CZE"]
[SourceTitle "CBM 113 Extra"]
[Source "ChessBase"]
[SourceDate "2006.09.14"]
[SourceVersion "1"]
[SourceVersionDate "2006.09.14"]
[SourceQuality "1"]

1. e4 c5 2. c3 Nf6 3. e5 Nd5 4. d4 cxd4 5. Nf3 Nc6 6. Bc4 Nb6 7. Bb3 d5 8. exd6 Qxd6 9. cxd4 Be6 10. Nc3 Bxb3 11. Qxb3 Qb4 12. 0-0 Qxb3 13. axb3 e6 14. d5 Nxd5 15. Nxd5 exd5 16. Re1+ Be7 17. Rd1 Rd8 18. Be3 a6 19. Bb6 Rd7 20. Nd4 Nxd4 21. Rxd4 0-0 22. Rad1 Rc8 23. g3 Bc5 24. Bxc5 Rxc5 25. Kg2 f6 26. b4 Rb5 27. g4 Kf7 28. h4 Ke6 29. h5 g6 30. hxg6 hxg6 31. Re1+ Kd6 32. Kg3 Re7 33. Rxe7 Kxe7 34. Kf4 Kd6 35. Ke3 Rb6 36. Kd3 g5 37. b3 Ke5 38. Ke3 a5 0-1

[Event "Pardubice op-A"]
[Site "Pardubice"]
[Date "2006.07.21"]
[Round "1"]
[White "Kleiman, Boris Moiseevich"]
[Black "Arutinian, David"]
[Result "1/2-1/2"]
[WhiteElo "2322"]
[BlackElo "2552"]
[PlyCount "81"]
[EventDate "2006.07.21"]
[EventType "swiss"]
[EventRounds "9"]
[EventCountry "CZE"]
[SourceTitle "CBM 113 Extra"]
[Source "ChessBase"]
[SourceDate "2006.09.14"]
[SourceVersion "1"]
[SourceVersionDate "2006.09.14"]
[SourceQuality "1"]

1. Nf3 Nf6 2. d4 e6 3. c4 d5 4. Nc3 Bb4 5. cxd5 exd5 6. Bg5 0-0 7. e3 c5 8. Be2 Nbd7 9. 0-0 Qa5 10. Qc2 Re8 11. dxc5 Bxc3 12. bxc3 Ne4 13. Rfc1 Ndxc5 14. Bf4 Be6 15. Qb2 Rac8 16. Qb4 Qd8 17. Nd4 Qf6 18. Bg3 b6 19. Rc2 Bf5 20. Rcc1 Bd7 21. c4 Nxg3 22. hxg3 Ne4 23. Qe1 dxc4 24. Rxc4 Rxc4 25. Bxc4 h5 26. Rc1 h4 27. gxh4 Qxh4 28. Nf3 Qh5 29. Be2 Nc5 30. Rc4 Bg4 31. Rd4 Bxf3 32. Bxf3 Qe5 33. Rd1 g6 34. g3 Kg7 35. Rd5 Qb2 36. Rd2 Qc3 37. Kg2 Qf6 38. Rd6 Qe5 39. Rd5 Qb2 40. Rd2 Qc3 41. Rd5 1/2-1/2

[Event "RUS-ch Seniors"]
[Site "Zvenigorod"]
[Date "2005.11.30"]
[Round "3"]
[White "Kanygin, Nikolai N"]
[Black "Kleiman, Boris Moiseevich"]
[Result "0-1"]
[WhiteElo "2187"]
[BlackElo "2293"]
[PlyCount "96"]
[EventDate "2005.11.28"]
[EventType "swiss"]
[EventRounds "7"]
[EventCountry "RUS"]
[SourceTitle "EXT 2007"]
[Source "ChessBase"]
[SourceDate "2006.11.23"]
[SourceVersion "1"]
[SourceVersionDate "2006.11.23"]
[SourceQuality "1"]

1. d4 Nf6 2. Nf3 d5 3. c4 c6 4. cxd5 cxd5 5. Nc3 Nc6 6. Bf4 a6 7. e3 Bf5 8. Be2 e6 9. 0-0 Bd6 10. Bxd6 Qxd6 11. Rc1 0-0 12. Na4 Rfd8 13. Nc5 Rdb8 14. Nh4 Be4 15. f3 Bg6 16. Nxg6 hxg6 17. f4 Qe7 18. a3 Rc8 19. b4 Ne8 20. Qb3 Nd6 21. Bd3 b5 22. Ra1 a5 23. Qc3 Nc4 24. Bxc4 dxc4 25. Rfb1 axb4 26. axb4 g5 27. g3 gxf4 28. gxf4 Qh4 29. Ne4 Qg4+ 30. Ng3 Ne7 31. Rxa8 Rxa8 32. Ra1 Rc8 33. e4 Qxf4 34. Rf1 Qg4 35. Qa3 c3 36. Kg2 Qg5 37. Qc1 Qxc1 38. Rxc1 c2 39. Kf2 Rc4 40. Ke3 Nc6 41. Ne2 Nxb4 42. Ra1 Nc6 43. d5 exd5 44. exd5 Ne7 45. Ra8+ Kh7 46. Rd8 Rc5 47. d6 Re5+ 48. Kd2 Rxe2+ 0-1

[Event "RUS-ch Seniors"]
[Site "Zvenigorod"]
[Date "2005.11.28"]
[Round "1"]
[White "Ryzhkov, Yury Petrovich"]
[Black "Kleiman, Boris Moiseevich"]
[Result "1-0"]
[WhiteElo "2339"]
[BlackElo "2293"]
[PlyCount "67"]
[EventDate "2005.11.28"]
[EventType "swiss"]
[EventRounds "7"]
[EventCountry "RUS"]
[SourceTitle "EXT 2007"]
[Source "ChessBase"]
[SourceDate "2006.11.23"]
[SourceVersion "1"]
[SourceVersionDate "2006.11.23"]
[SourceQuality "1"]

1. c4 e5 2. Nc3 Nf6 3. Nf3 Nc6 4. g3 Bc5 5. d3 d6 6. Bg2 h6 7. 0-0 Bg4 8. Na4 Bb6 9. Rb1 Qe7 10. h3 Bf5 11. e4 Be6 12. a3 g5 13. b4 Nd7 14. Nxb6 axb6 15. Ne1 h5 16. Nc2 h4 17. Ne3 Nd4 18. Bb2 c6 19. f4 Nf8 20. fxe5 dxe5 21. Bxd4 exd4 22. Nf5 Bxf5 23. Rxf5 hxg3 24. Qg4 Ne6 25. Rbf1 Rh7 26. Qxg3 Kd7 27. b5 Rxa3 28. Qb8 Nd8 29. bxc6+ bxc6 30. e5 Rxd3 31. Rf6 Ne6 32. Ra1 Ra3 33. Rxa3 Qxa3 34. Bxc6+ 1-0